A diáktársadalom szociológiája
Elmentve itt :
| Szerző: | |
|---|---|
| Dokumentumtípus: | Cikk |
| Megjelent: |
1927
|
| Sorozat: | Botond : szépirodalmi és tudományos folyóirat
3 No. 1-2 |
| Kulcsszavak: | Szociológia diákság 1927 |
| Online Access: | http://misc.bibl.u-szeged.hu/3221 |
| LEADER | 00600nab a2200169 i 4500 | ||
|---|---|---|---|
| 001 | misc3221 | ||
| 005 | 20191106143004.0 | ||
| 008 | 170607s1927 hu o 0|| hun d | ||
| 040 | |a SZTE Miscellanea Repozitórium |b hun | ||
| 041 | |a hun | ||
| 100 | 2 | |a Rados K. Béla | |
| 245 | 1 | 2 | |a A diáktársadalom szociológiája |h [elektronikus dokumentum] / |c Rados K. Béla |
| 260 | |c 1927 | ||
| 300 | |a 124-125 | ||
| 490 | 0 | |a Botond : szépirodalmi és tudományos folyóirat |v 3 No. 1-2 | |
| 695 | |a Szociológia diákság 1927 | ||
| 856 | 4 | 0 | |u http://misc.bibl.u-szeged.hu/3221/1/botond_003_001_002_124-125.pdf |z Dokumentum-elérés |